000 00625nam a2200205 b 4500
003 OSt
005 20141115213002.0
008 030428s2002 sp | o||| ||spa
020 _a84-87183-62-X
040 _cBMC
082 _a069.5
100 1 _aFuentes, Marcelo
_93937
245 1 0 _aPaisajes
_cMarcelo Fuentes ; [textos, Salvador AlbiƱana]
260 _aTeruel
_bMuseo de Teruel
_c2002
300 _a84 p.
_bil. col.
_c23 x 24 cm
505 _aEn la port.: : Museo de Teruel, 10 octubre-10 noviembre, 2002
600 2 4 _927680
_aFuentes, Marcelo
_vExposiciones
700 1 _aAlbiƱana, Salvador
_93938
942 _2ddc
_cBK
999 _c15395
_d15395